المنهج الإيماني للدراسات الكونية في القرآن الكريم / (رقم التسجيلة. 4849)

تفاصيل مارك
000 -LEADER
fixed length control field 00650nam a22001937a 4500
005 - DATE AND TIME OF LATEST TRANSACTION
control field 20251108164140.0
008 - FIXED-LENGTH DATA ELEMENTS--GENERAL INFORMATION
fixed length control field 250721s1985 xx 000 0 ara d
082 14 - DEWEY DECIMAL CLASSIFICATION NUMBER
Classification number 211/خضر
100 1# - MAIN ENTRY--PERSONAL NAME
Personal name خضر، عبد العليم عبد الرحمن
245 10 - TITLE STATEMENT
Title المنهج الإيماني للدراسات الكونية في القرآن الكريم /
250 ## - EDITION STATEMENT
Edition statement ط2.
264 1# - PRODUCTION, PUBLICATION, DISTRIBUTION, MANUFACTURE, AND COPYRIGHT NOTICE
Place of production, publication, distribution, manufacture جدة :
Name of producer, publisher, distributor, manufacturer الدار السعودية للنشر،
Date of production, publication, distribution, manufacture, or copyright notice 1985.
300 ## - PHYSICAL DESCRIPTION
Extent 576ص.
490 0# - SERIES STATEMENT
Series statement سلسلة العلم و القرآن ؛ 2
650 17 - SUBJECT ADDED ENTRY--TOPICAL TERM
Topical term or geographic name as entry element القرآن الكريم
650 17 - SUBJECT ADDED ENTRY--TOPICAL TERM
Topical term or geographic name as entry element العلوم القرآنية
942 ## - ADDED ENTRY ELEMENTS (KOHA)
Source of classification or shelving scheme Dewey Decimal Classification
Koha item type كتب
المقتنيات
حالة السحب حالة الفقدان مصدر التصنيف حالة التلف غير قابل للإعارة المكتبة الرئيسية المكتبة الحالية موقع الرف تاريخ التزويد الرقم المتسلسل Total Checkouts رقم الإستدعاء الباركود تاريخ آخر ظهور تاريخ الفاتورة نوع المادة (كوها)
    Dewey Decimal Classification     مكتبة أم قصير والمقابلين العامة مكتبة أم قصير والمقابلين العامة الإعارة 06/07/2004 2698   211/خضر 2698 28/07/2025 06/07/2004 كتب
    Dewey Decimal Classification     مكتبة النصر العامة مكتبة النصر العامة الإعارة 30/10/2014 [741   211/خضر PLD00309155 28/07/2025 30/10/2014 كتب
    Dewey Decimal Classification     مكتبة حمزة العامة مكتبة حمزة العامة الإعارة 21/11/2015 [4353].   211/خضر PLD00365966 28/07/2025 21/11/2015 كتب
    Dewey Decimal Classification     مكتبة صويلح العامة مكتبة صويلح العامة الإعارة 25/07/2015 [5409   211/خضر PLD00341765 28/07/2025 25/07/2015 كتب
Implemented & Customized by: BBB with SCIT (Smart Chains for Information Technology)

Powered by Koha